000 00946aam a2200301 4500
001 20138
003 CO-MdFUSB
005 20190202100242.0
008 170228t1975 xxu||||| |||| 00| 0 eng d
020 _a0-442-21680-7
040 _aCO-MdFUSB
_bspa
_cCO-MdFUSB
_dCO-MdFUSBC
_erda
041 _aeng
082 0 4 _aG 200 F71i
100 1 _aFrazier, Allie M.
_eautor
245 1 0 _aIssues in religion
_b : A book of readings
_c / Allie M. Frazier
250 _a2 ed.
264 _aNew York
_b : D. Van Nostrand,
_c1975
300 _a435 páginas
_b
336 _2rdacontent
_atexto
_btxt
337 _2rdamedia
_asin mediación
_bn
338 _2rdacarrier
_avolumen
_bnc
500 _aIncluye índice (p. 435)
501 _aRústico
505 0 0 _aLa condición humana - Los orígenes de la vida religiosa - Modos de la vida religiosa - La doctrina de Dios
650 7 _aReligión
_9385
650 7 _aTeología doctrinal
_2
_9179
942 _cBK
999 _c46491
_d46491